000
00266nam a2200109Ia 4500
008
190914s9999||||xx |||||||||||||| ||und||
100
_a
Richard Jenkins
245
0
_a
Key Sociologists Pierre Bourdieu
260
_a
USA
_b
McGraw Hill
_c
1984
300
_a
232
942
_c
BK
999
_c
8400
_d
8400